000 004310000a22001690004500
003 MACL
005 20151222134224.0
008 151222b xxu||||| |||| 00| 0 eng d
040 _aMACL
_cMACL
041 _aEnglish
082 _a954/YAZ
100 _aYazdani, G
_916824
245 _aBidar
_bIts History and Monuments
260 _bOxford University Press
_c1947
_aBritain
650 _aHistory
_921930
942 _cBK
_k954/YAZ
_2ddc
999 _c39669
_d39669